Participantes da Série B 2021 - Statistics

Estatísticas Gerais
  • Esse quiz foi jogado 125 vezes
  • A pontuação média é 15 de 20
Estatísticas das Respostas
Estado Time % Correto
Rio de Janeiro Vasco da Gama
95%
Rio de Janeiro Botafogo
92%
Minas Gerais Cruzeiro
91%
Goiás Goiás
89%
Paraná Curitiba
84%
Santa Catarina Avaí
82%
Alagoas CSA
82%
Alagoas CRB
81%
Pernambuco Náutico
78%
Bahia Vitória
77%
Pará Remo
74%
São Paulo Ponte Preta
73%
Rio Grande do Sul Brasil de Pelotas
72%
Paraná Londrina
72%
São Paulo Guarani
70%
Maranhão Sampaio Corrêa
69%
Goiás Vila Nova
68%
Santa Catarina Brusque
65%
Paraná Operário-PR
63%
Sergipe Confiança
59%
Nenhum quiz correspondente encontrado
Distribuição das Pontuações
Porcentagem de Pessoas com Cada Pontuação
Percentil de Números Respondidos
Sua Pontuação Histórica
Você não jogou esse quiz